[Event "Belgrade ChessAmateur op 5th"]
[Site "Belgrade"]
[Date "2019.01.04"]
[Round "1"]
[White "Sredojevic, Ivan"]
[Black "Sahin, Aytac"]
[Result "1-0"]
[WhiteElo "2257"]
[BlackElo "1940"]
[PlyCount "81"]
[EventDate "2019.01.04"]
[EventType "swiss"]
[EventRounds "9"]
[EventCountry "SRB"]
[SourceTitle "CBM 188 Extra"]
[Source "ChessBase"]
[SourceDate "2019.02.26"]
[SourceVersion "1"]
[SourceVersionDate "2019.02.26"]
[SourceQuality "1"]

1. e4 d6 2. d4 Nf6 3. Nc3 g6 4. f4 Bg7 5. Nf3 0-0 6. Bd3 Na6 7. e5 Nd7 8. Ne4 c5 9. c3 cxd4 10. cxd4 dxe5 11. fxe5 Nb6 12. h3 Nb4 13. Bb1 N6d5 14. 0-0 b6 15. a3 Nc6 16. Re1 h6 17. Qe2 Be6 18. Bd2 Rc8 19. Bd3 Nc7 20. Qf2 Bf5 21. Rad1 Qd7 22. Bc4 Be6 23. Bxe6 Qxe6 24. Qh4 g5 25. Qg3 Qg6 26. Nc3 Rfd8 27. Be3 Nd5 28. Nxd5 Rxd5 29. Rc1 Rcd8 30. Qg4 b5 31. Nh4 gxh4 32. Qxg6 fxg6 33. Rxc6 g5 34. Rec1 Kf7 35. Ra6 Bf8 36. Rxa7 Ke6 37. Rf1 Rc8 38. Kf2 Rc2+ 39. Kf3 Rd8 40. Ke4 Rc6 41. Rxf8 1-0

[Event "TUR-chT2"]
[Site "Konya"]
[Date "2017.07.14"]
[Round "8.5"]
[White "Peker, Serdar"]
[Black "Sahin, Aytac"]
[Result "1/2-1/2"]
[WhiteElo "1775"]
[BlackElo "1954"]
[PlyCount "61"]
[EventDate "2017.07.09"]
[EventType "team-swiss"]
[EventRounds "9"]
[EventCountry "TUR"]
[SourceTitle "CBM 179 Extra"]
[Source "ChessBase"]
[SourceDate "2017.08.23"]
[SourceVersion "1"]
[SourceVersionDate "2017.08.23"]
[SourceQuality "1"]
[WhiteTeam "Trabzon Feda"]
[BlackTeam "Masal Diyari"]
[WhiteTeamCountry "TUR"]
[BlackTeamCountry "TUR"]

1. e4 d6 2. d4 Nf6 3. Nc3 g6 4. f4 Bg7 5. Nf3 0-0 6. Bd3 Na6 7. a3 c5 8. e5 Nd7 9. dxc5 Naxc5 10. exd6 Nxd3+ 11. Qxd3 Nc5 12. Qd2 Re8 13. 0-0 exd6 14. Nd5 Ne4 15. Qd1 Be6 16. h3 Bxd5 17. Qxd5 Ng3 18. Rd1 Qb6+ 19. Kh2 Qf2 20. Ng5 Re1 21. Rxe1 Qxe1 22. Qxf7+ Kh8 23. Qe6 Nf1+ 24. Kh1 Ne3+ 25. Kh2 Nf1+ 26. Kh1 Ne3+ 27. Kh2 Nf1+ 28. Kh1 Ne3+ 29. Kh2 Nf1+ 30. Kh1 Ne3+ 31. Kh2 1/2-1/2

[Event "TUR-chT2"]
[Site "Konya"]
[Date "2017.07.12"]
[Round "6.5"]
[White "Vardar, Harun"]
[Black "Sahin, Aytac"]
[Result "1-0"]
[WhiteElo "1764"]
[BlackElo "1954"]
[PlyCount "104"]
[EventDate "2017.07.09"]
[EventType "team-swiss"]
[EventRounds "9"]
[EventCountry "TUR"]
[SourceTitle "CBM 179 Extra"]
[Source "ChessBase"]
[SourceDate "2017.08.23"]
[SourceVersion "1"]
[SourceVersionDate "2017.08.23"]
[SourceQuality "1"]
[WhiteTeam "Sakarya Buyuksehir"]
[BlackTeam "Masal Diyari"]
[WhiteTeamCountry "TUR"]
[BlackTeamCountry "TUR"]

1. f4 d6 2. Nf3 Nf6 3. b3 Bg4 4. e3 e6 5. Bb2 Be7 6. Be2 c5 7. 0-0 0-0 8. Qe1 Nc6 9. Qg3 Bf5 10. d3 d5 11. Nbd2 Bg6 12. Ng5 h6 13. Nxe6 fxe6 14. Qxg6 Bd6 15. Qg3 Bc7 16. Nf3 d4 17. exd4 cxd4 18. Ba3 Re8 19. Ne5 Ne7 20. Bf3 Nf5 21. Qg6 Bxe5 22. fxe5 Nd5 23. Be4 Qa5 24. Bd6 Qd2 25. Bxd5 Qe3+ 26. Kh1 Nxd6 27. Bxe6+ Kh8 28. Rae1 Rf8 29. Rg1 Qf4 30. exd6 Qxd6 31. Bf5 Qxg6 32. Bxg6 Rf2 33. Re8+ Rxe8 34. Bxe8 Rxc2 35. Bg6 Rc6 36. Be4 Rc3 37. h3 g5 38. Rf1 Kg7 39. Kh2 b5 40. Rf5 Rc2 41. Rxb5 Rxa2 42. Rb4 Rb2 43. Bd5 Kf6 44. Bc4 Ke5 45. Kg3 h5 46. Rb5+ Kf6 47. Ra5 Rb1 48. Rxa7 h4+ 49. Kg4 Rb2 50. Ra6+ Kg7 51. Kxg5 Rxg2+ 52. Kxh4 Rg1 1-0

[Event "TUR-chT2"]
[Site "Konya"]
[Date "2017.07.09"]
[Round "1.12"]
[White "Sahin, Aytac"]
[Black "Kocaispir, Ali Ihsan"]
[Result "1-0"]
[WhiteElo "1954"]
[BlackElo "1375"]
[PlyCount "93"]
[EventDate "2017.07.09"]
[EventType "team-swiss"]
[EventRounds "9"]
[EventCountry "TUR"]
[SourceTitle "CBM 179 Extra"]
[Source "ChessBase"]
[SourceDate "2017.08.23"]
[SourceVersion "1"]
[SourceVersionDate "2017.08.23"]
[SourceQuality "1"]
[WhiteTeam "Masal Diyari"]
[BlackTeam "Ozel Biltepe Osmaniye"]
[WhiteTeamCountry "TUR"]
[BlackTeamCountry "TUR"]

1. e4 c5 2. Nf3 Nc6 3. c3 Nf6 4. e5 Nd5 5. Bc4 e6 6. 0-0 Nb6 7. Bb3 d5 8. d4 Be7 9. Be3 c4 10. Bc2 h6 11. Nbd2 Bd7 12. b3 cxb3 13. axb3 Rc8 14. Nb1 a6 15. Qd3 Na7 16. Re1 Qc7 17. Bd2 Bb5 18. Qe3 Nd7 19. Na3 Bxa3 20. Rxa3 Nb6 21. Qf4 Qe7 22. Raa1 Nc6 23. Bc1 Nd8 24. Ba3 Qd7 25. Bc5 Na8 26. Qg4 g6 27. Qh4 b6 28. Qf6 Rg8 29. Bd6 Rxc3 30. Rac1 Nb7 31. Bb4 Rc6 32. Bd3 Nd8 33. Bxb5 axb5 34. Ra1 Rc8 35. Bd6 g5 36. Qxh6 Nc6 37. Qh7 Ne7 38. Rec1 Rf8 39. Nxg5 Qb7 40. Rxc8+ Qxc8 41. Nxe6 Rg8 42. Rxa8 Kd7 43. Rxc8 Rxc8 44. Nc7 Rxc7 45. Bxc7 Kxc7 46. Qxf7 Kd7 47. f4 1-0

[Event "Gebze op"]
[Site "Gebze"]
[Date "2013.10.04"]
[Round "3"]
[White "Sahin, Aytac"]
[Black "Anil, Ayhan"]
[Result "0-1"]
[WhiteElo "1969"]
[BlackElo "1877"]
[PlyCount "65"]
[EventDate "2013.10.03"]
[EventType "swiss"]
[EventRounds "7"]
[EventCountry "TUR"]
[SourceTitle "CBM 157 Extra"]
[Source "ChessBase"]
[SourceDate "2013.12.19"]
[SourceVersion "1"]
[SourceVersionDate "2013.12.19"]
[SourceQuality "1"]

1. e4 d6 2. d4 Nf6 3. Nc3 g6 4. Be3 Bg7 5. Qd2 0-0 6. f3 c6 7. 0-0-0 Qa5 8. g4 b5 9. Kb1 b4 10. Nce2 Be6 11. Nc1 Qa4 12. Nge2 Rc8 13. Nf4 Bd7 14. g5 Ne8 15. Bc4 e6 16. h4 d5 17. Bb3 Qb5 18. c3 bxc3 19. Qxc3 c5 20. e5 cxd4 21. Qxd4 Nc6 22. Qd2 Nxe5 23. h5 a5 24. a4 Rxc1+ 25. Rxc1 Qxb3 26. hxg6 hxg6 27. Rc3 Qxa4 28. Qh2 d4 29. Qh7+ Kf8 30. Bf2 Qb4 31. Rc2 Ba4 32. Rcc1 Rb8 33. Bxd4 0-1